| 000 | 00543cam a2200169u 4500 | ||
|---|---|---|---|
| 001 | 000001134 | ||
| 005 | 20200929145502.0 | ||
| 008 | 810316s1934 sp a 000 0 spa | ||
| 040 |
_aDO-SdBNP _bspa _cBNPHU |
||
| 082 |
_ann. _bW426a |
||
| 100 | 1 |
_aWeisbach, Werner. _93879 |
|
| 245 | 1 | 0 | _aArte barroco en Italia, Francia, Alemania y Espana,. |
| 260 |
_aBarcelona [etc.] : _bLabor, s. a., _c[1934]. |
||
| 300 |
_av. : _bil. ; _c28 cm. |
||
| 650 | 0 |
_aArt, baroque. [from old catalog] _93880 |
|
| 700 | 1 |
_aIglesias, Ramon, [from old catalog] _etr. _93881 |
|
| 999 |
_c1088 _d1088 |
||